|
|
|
|
| LEADER |
00000nam a2200000 a 4500 |
| 001 |
vtls008640049 |
| 003 |
SK-MaSNL |
| 005 |
20260301104145.0 |
| 008 |
060328s2005 xxk f 001 0deng |
| 020 |
|
|
|a 0415096200 (brož.)
|
| 040 |
|
|
|a SNK
|b slo
|c SNK
|e AACR2
|
| 041 |
0 |
|
|a eng
|
| 044 |
|
|
|a uk
|c GB
|a us
|c US
|
| 072 |
|
7 |
|a 791/793
|x Divadlo, film, tanec (všeobecne)
|2 konspekt
|
| 080 |
|
|
|a 821(100)-2
|2 2001
|
| 080 |
|
|
|a 792
|2 2001
|
| 080 |
|
|
|a 792.07
|2 2001
|
| 080 |
|
|
|a (048.8)
|2 2001
|
| 245 |
0 |
0 |
|a Twentieth-century theatre
|b a sourcebook
|c edited by Richard Drain
|
| 260 |
|
|
|a London
|a New York
|b Routledge
|c 2005
|
| 300 |
|
|
|a xviii, 387 s.
|c 24 cm
|
| 650 |
0 |
7 |
|a divadlo
|2 SNKPH
|9 3335
|
| 650 |
0 |
7 |
|a svetová dráma
|2 SNKPH
|9 68415
|
| 650 |
0 |
7 |
|a divadelní umelci
|2 SNKPH
|9 3346
|
| 655 |
|
7 |
|a prehľady
|2 SNKPH
|9 70194
|
| 700 |
1 |
|
|a Drain, Richard
|4 com
|9 442457
|
| 919 |
|
|
|a 0-415-9620-0
|
| 999 |
|
|
|c 697385
|d 699315
|
| 952 |
|
|
|a SNK
|b SNK
|y VYP
|7 0
|p 17A0505041
|o snkIC 133135
|i snk2006/6528
|8 3
|g 49.53
|0 0
|1 0
|4 0
|d 2006-03-28
|l 0
|r 2026-02-23 20:46:29
|w 2026-02-23
|